Countries Whose Names Do Not Contain the Letter I - Statistics

General Stats
  • This quiz has been taken 42 times
    17 since last reset
  • The average score is 53 of 77
Answer Stats
Answer % Correct
Belarus
90%
Cameroon
90%
Egypt
90%
Germany
90%
Greece
90%
Norway
90%
Oman
90%
Portugal
90%
Sweden
90%
Uruguay
90%
Yemen
90%
Canada
80%
Chad
80%
Cuba
80%
Cyprus
80%
Denmark
80%
France
80%
Honduras
80%
Hungary
80%
Japan
80%
Jordan
80%
Kenya
80%
Luxembourg
80%
Malta
80%
Nauru
80%
Nepal
80%
New Zealand
80%
Palau
80%
Panama
80%
Paraguay
80%
Senegal
80%
Togo
80%
Turkey
80%
Andorra
70%
Bangladesh
70%
Bhutan
70%
Cape Verde
70%
Ghana
70%
Kosovo
70%
Monaco
70%
Montenegro
70%
Netherlands
70%
North Korea
70%
Rwanda
70%
Samoa
70%
South Korea
70%
South Sudan
70%
Tonga
70%
Tuvalu
70%
Vanuatu
70%
Angola
60%
Bahamas
60%
Botswana
60%
Comoros
60%
Gabon
60%
Laos
60%
Lesotho
60%
Moldova
60%
Morocco
60%
Myanmar
60%
Peru
60%
Seychelles
60%
Sudan
60%
Barbados
50%
Guatemala
50%
Guyana
50%
Lebanon
50%
Poland
50%
Qatar
50%
Uganda
50%
Venezuela
50%
Grenada
40%
Kazakhstan
40%
Madagascar
40%
Ecuador
30%
El Salvador
30%
Kyrgyzstan
30%
No matching quizzes found
Score Distribution
Percent of People with Each Score
Percentile by Number Answered
Your Score History
You have not taken this quiz since the last reset